Personnages du film "LOL" par images - Statistiques

Statistiques générales
  • Ce quiz a été pris 110 fois
  • Le résultat moyen est 5 sur 16
Statistiques - réponses
Par images Réponse % Correct
Lola
100%
Arthur
74%
Maël
71%
Stéphane
46%
Charlotte
43%
Medhi
38%
Julien
31%
Paul-Henri
30%
Anne
26%
David
20%
Louise
16%
Provence
11%
Lucas
9%
Alain
8%
Isabelle
5%
Laurence
1%
Aucun quiz correspondant
Distribution des résultats
% des personnes avec chaque résultat
Percentile par nombre de réponses
Votre historique - résultats
Vous n’avez pas pris ce quiz